000 00957nam a22002057a 4500
003 OSt
005 20250911154816.0
008 240215b ||||| |||| 00| 0 eng d
040 _c0
082 _aDPer 621.317 Ie21 May 2022 v. 37 n. 5
100 _aGonzalez-Cajigas, Adrian.
_eauthor.
_952521
245 _aDesign and analysis of parallel-connected grid-forming virtual synchronous machines for island and grid-connected applications /
_cAdrian Gonzalez-Cajigas, Javier Roldan-Perez, and Emilio Jose Bueno.
260 _aNew York ;
_bThe Institute of Electrical and Electronics Engineers, Inc. ,
_cMay 2022.
300 _aVolume 37, pages 5107-5121 :
_billustration ;
_c28 cm.
500 _aIEEE Transactions on Power Electronics, vol. 37, no. 5, pages 5107-5121, May 2022.
700 _aGonzalez-Cajigas, Adrian.
_eauthor.
_952521
700 _aRoldan-Perez, Javier.
_eauthor.
_952522
700 _aBueno, Emilio Jose.
_eauthor.
_952523
942 _2ddc
_cPER
999 _c19175
_d19175